000 00708nam a2200169 a 4500
008 120416s2000 ||||||||||||||||| || u
050 _aGOV.ZAM(02)2000/3
110 _aGovernment of the Republic of Zambia (GRZ)
245 1 0 _aPig keeping: questions and answers, radio farm forum
260 _aLusaka
_bMinistry of Agriculture, Food and Fisheries
_c2000
300 _a20p. : ill.
350 _a0.00
650 _aSWINE--BREEDING--ZAMBIA
710 _aMinistry of Agriculture, Food and Fisheries
710 _aNational Agricultural Information Services (NAIS)
995 _D0.00
_FCBU-MAIN LIBRARY (Kitwe)
_H1
_I0.00
_M1
_UAVAILABLE
_ZZambiana Collection
999 _c53641
_d53641